VB Script Interactive Course (Record no. 3134)

MARC details
000 -LEADER
fixed length control field 00292nam a2200121Ia 4500
008 - FIXED-LENGTH DATA ELEMENTS--GENERAL INFORMATION
fixed length control field 191201s2002 xx 000 0 und d
100 ## - MAIN ENTRY--PERSONAL NAME
Personal name JERKE, Noel
245 #0 - TITLE STATEMENT
Title VB Script Interactive Course
260 ## - PUBLICATION, DISTRIBUTION, ETC. (IMPRINT)
Place of publication, distribution, etc N.Delhi
Name of publisher, distributor, etc Tech Media
Date of publication, distribution, etc 2002
300 ## - PHYSICAL DESCRIPTION
Extent 736
650 ## - SUBJECT ADDED ENTRY--TOPICAL TERM
Topical term or geographic name as entry element B.Tech(IT)
942 ## - ADDED ENTRY ELEMENTS (KOHA)
Source of classification or shelving scheme Dewey Decimal Classification
Koha item type Text Books
Holdings
Withdrawn status Lost status Source of classification or shelving scheme Damaged status Not for loan Collection code Home library Current library Date acquired Source of acquisition Cost, normal purchase price Bill Number Total Checkouts Full call number Acc. no. / Barcode Date last seen Bill Date Koha item type Date last borrowed Public note
    Dewey Decimal Classification     B.Tech(IT) PIET C-LIBRARY PIET C-LIBRARY 23/08/2007 J B C, New Delhi 495.00 722   005.133 JEV 7414 04/12/2019 23/07/2008 Text Books    
    Dewey Decimal Classification     B.Tech(IT) PIET C-LIBRARY PIET C-LIBRARY 23/08/2007 J B C, New Delhi 495.00 722 1 005.133 JEV 7415 13/03/2025 23/07/2008 Text Books 21/01/2022 .
    Dewey Decimal Classification     B.Tech(IT) PIET C-LIBRARY PIET C-LIBRARY 23/08/2007 J B C, New Delhi 495.00 722   005.133 JEV 7416 04/12/2019 23/07/2008 Text Books    

Design & Developed by: PIET Central Library
R70 Miles Stone Pattikalyana Samalkha Panipat 132102
mail ID :- [email protected], Phone No:- 0180-2569700 Ex.216